Types of Dragons - Statistics

General Stats
  • This quiz has been taken 6 times
  • The average score is 7 of 16
Answer Stats
Hint Answer % Correct
A dragon without wings (four legs) Drake
100%
Multi-headed dragons typically found in the ocean; They had no wings Hydra
100%
Long, snake-like dragons without wings or legs Wyrm
100%
Two hind legs and wings; the dragons in Game of Thrones Wyvern
100%
Its head is like a rooster's, and a glance from it could kill you Cockatrice
50%
Long dragons without wings with many ancient depictions Eastern
50%
Dragons with wings, though they have no legs and are usually very long Amphiptere
25%
Small, bug-like dragons who (in DnD) are known for being mischievous Fae
25%
Dragons with front legs but no hind legs or wings, found in European folklore Lindwurm
25%
Aquatic version of the above Sea Serpent
25%
Default; four legs and wings, usually bulky build Western
25%
Multi-headed dragon with wings; Their name is similar to the Russian word for Dragon Zmey
25%
Dragons who stand on their hind legs, similar to theropods Dragonette
0%
A type of drake, though they are more horse-like and are considered 'holy' Kirin
0%
Snake-like dragons which are feathered, known from Aztec culture Quetzalcoatl
0%
Central Asian dragon who had front legs and wings, but no hind legs Zilant
0%
No matching quizzes found
Score Distribution
Percent of People with Each Score
Percentile by Number Answered
Your Score History
You have not taken this quiz